APJ Abdul Kalam Wings Of Fire (Record no. 8497)

MARC details
000 -LEADER
fixed length control field 00327nam a22001217a 4500
008 - FIXED-LENGTH DATA ELEMENTS--GENERAL INFORMATION
fixed length control field 200220b ||||| |||| 00| 0 eng d
020 ## - INTERNATIONAL STANDARD BOOK NUMBER
International Standard Book Number 9788173711466
082 ## -
Classification number 420.920 TIW
100 ## - MAIN ENTRY--PERSONAL NAME
Personal name TIWARI Arun
245 ## - TITLE STATEMENT
Title APJ Abdul Kalam Wings Of Fire
Remainder of title An Autobiography
Medium English
260 ## - PUBLICATION, DISTRIBUTION, ETC. (IMPRINT)
Place of publication, distribution, etc New Delhi
Name of publisher, distributor, etc University Press
Holdings
Withdrawn status Lost status Source of classification or shelving scheme Damaged status Koha normalized classification for sorting Not for loan Koha collection Location (home branch) Sublocation or collection (holding branch) Date acquired Source of acquisition Currency Cost, normal purchase price Bill Number Koha issues (times borrowed) Koha full call number Piece designation (barcode) Koha date last seen Koha date last borrowed Copy number Actual Cost, discounted price Bill Date Koha item type Public note
    Dewey Decimal Classification   925_095000000000000_KAW   GENERAL PIET C-LIBRARY PIET C-LIBRARY 20/02/2020 KIRTI PRAKASHAN NEW DELHI IN Rupees 395.00 IN6147 5 925.095 KAW 31680 20/06/2024 12/06/2024 1 276.00 23/01/2020 Text Books Biography

Design & Developed by: PIET Central Library
R70 Miles Stone Pattikalyana Samalkha Panipat 132102
mail ID :- [email protected], Phone No:- 0180-2569700 Ex.216